| 000 | 00539nam a2200181Ia 4500 | ||
|---|---|---|---|
| 008 | 090711s9999 xx 000 0 und d | ||
| 082 | _b35323 | ||
| 100 | _aपंत अप्पा | ||
| 245 | _aएक प्रवास एक शोध | ||
| 260 | _c1975 | ||
| 300 | _a156 | ||
| 600 | _aपंत अप्पा | ||
| 630 | _aएक प्रवास एक शोध | ||
| 700 | _aपंत नलिनी | ||
| 700 | _aपंत अप्पा | ||
| 730 | _aएक प्रवास एक शोध | ||
| 942 | _cBOOK | ||
| 999 |
_c291352 _d291352 |
||